Statistics for 3 and 4 Letter Fruits and Vegetables

Click here to take the quiz!

General Stats

  • This quiz has been taken 50,269 times
  • The average score is 6 of 13

Answer Stats

TypeAnswer% Correct
VegetablePea
90%
FruitPear
78%
FruitKiwi
54%
FruitLime
52%
FruitPlum
48%
VegetableCorn
47%
FruitFig
40%
VegetableKale
29%
FruitDate
28%
VegetableBeet
26%
VegetableLeek
24%
VegetableYam
22%
VegetableOkra
17%

Score Distribution

Percentile by Number Answered

Percent of People with Each Score

Your Score History

You have not taken this quiz